000 00569nam a22001697a 4500
003 0
005 20231106142641.0
008 230313b xxu||||| |||| 00| 0 eng d
050 _aHQ 750
_b.C67 2022
100 _aHannah Franchesca D. Corpuz
245 _aFamily sex communication and sexual assertiveness of young adult women
_cHannah Franchesca D. Corpuz
260 _aLas Pinas City
_bSouthville International School and Colleges
_cC2022
300 _axi,311pp.
_c28cm.
_fTheses
500 _aSex communication.
501 _aSexual assertiveness.
942 _2lcc
_cTH
999 _c364933
_d364933